| 000 | 00522nam a2200181Ia 4500 | ||
|---|---|---|---|
| 008 | 100920s9999 xx 000 0 und d | ||
| 082 |
_b80688 _a--- थ 98 |
||
| 100 | _aबापट मुकुंद. | ||
| 245 | _aविभा. | ||
| 260 |
_bसूर्याक्षरविविधा, पुणे. _c1998 |
||
| 300 |
_a164 _bसाधी |
||
| 365 | _b120 | ||
| 520 | _aकादंबरी. | ||
| 630 | _aविभा. | ||
| 650 | _aकादंबरी. | ||
| 730 | _aविभा. | ||
| 942 | _cBOOK | ||
| 999 |
_c721566 _d721563 |
||